Capitals that start with A - Statistics

General Stats
  • This quiz has been taken 56 times
  • The average score is 13 of 15
Answer Stats
Hint Answer % Correct
Algeria Algiers
100%
Turkey Ankara
100%
Greece Athens
100%
Netherlands Amsterdam
98%
United Arab Emirates Abu Dhabi
92%
Ghana Accra
92%
Jordan Amman
92%
Ethiopia Addis Ababa
90%
Andorra Andorra la Vella
88%
Paraguay Asuncion
88%
Nigeria Abuja
81%
Madagascar Antananarivo
77%
Eritrea Asmara
67%
Samoa Apia
65%
Turkmenistan Ashgabat
62%
No matching quizzes found
Score Distribution
Percent of People with Each Score
Percentile by Number Answered
Your Score History
You have not taken this quiz